<?xml version="1.0" encoding="UTF-8"?>
<collection xmlns="http://www.loc.gov/MARC21/slim">
<record>
  <controlfield tag="001">132025</controlfield>
  <controlfield tag="005">20240308105336.0</controlfield>
  <datafield tag="024" ind1="7" ind2=" ">
    <subfield code="2">doi</subfield>
    <subfield code="a">10.26754/CINAIC.2023.0127</subfield>
  </datafield>
  <datafield tag="037" ind1=" " ind2=" ">
    <subfield code="a">COMPON-2023-CINAIC-0127</subfield>
  </datafield>
  <datafield tag="041" ind1=" " ind2=" ">
    <subfield code="a"></subfield>
  </datafield>
  <datafield tag="100" ind1=" " ind2=" ">
    <subfield code="a">Cabido Valladolid,  Raúl</subfield>
    <subfield code="u">Universidad Rey Juan Carlos, España</subfield>
  </datafield>
  <datafield tag="245" ind1=" " ind2=" ">
    <subfield code="a">Evaluación automática de preguntas abiertas en el aula</subfield>
  </datafield>
  <datafield tag="260" ind1=" " ind2=" ">
    <subfield code="a">Zaragoza</subfield>
    <subfield code="b">Universidad de Zaragoza, Servicio de Publicaciones</subfield>
    <subfield code="c">2023</subfield>
  </datafield>
  <datafield tag="300" ind1=" " ind2=" ">
    <subfield code="e"></subfield>
  </datafield>
  <datafield tag="520" ind1="3" ind2=" ">
    <subfield code="a">El feedback es un elemento educativo básico en el proceso de enseñanza y aprendizaje. Dentro de esta retroalimentación, el feedback inmediato que se da en el aula hace que impacte de forma más directa en el estudiante, intensificando su aprendizaje. Por ello, las soluciones que permiten la interacción entre docentes y estudiantes se utilizan cada vez con más frecuencia en el aula. Por otra parte, el avance de técnicas de Procesamiento del Lenguaje Natural en los últimos años es imparable, teniendo su máxima expresión en los modelos de lenguaje basados en arquitectura de Transformers. En este trabajo se lleva a cabo un estudio sobre cómo integrar modelos de lenguaje en el aula para proporcionar feedback en tiempo real a los estudiantes. La propuesta consiste en evaluar de forma automática respuestas a preguntas abiertas en el aula utilizando inteligencia artificial. Los resultados obtenidos son prometedores, logrando los mejores resultados en la evaluación cuando se proporciona la máxima información posible al modelo: la pregunta, la respuesta y la rúbrica de evaluación. </subfield>
  </datafield>
  <datafield tag="506" ind1=" " ind2=" ">
    <subfield code="a">Access copy available to the general public</subfield>
    <subfield code="f">Unrestricted</subfield>
  </datafield>
  <datafield tag="540" ind1=" " ind2=" ">
    <subfield code="9">info:eu-repo/semantics/openAccess</subfield>
    <subfield code="a">by-nc-nd</subfield>
    <subfield code="u">http://creativecommons.org/licenses/by-nc-nd/3.0/es/</subfield>
  </datafield>
  <datafield tag="653" ind1="1" ind2=" ">
    <subfield code="a">preguntas abiertas, evaluación automática, modelos de lenguaje, refuerzo del aprendizaje   </subfield>
  </datafield>
  <datafield tag="653" ind1="1" ind2=" ">
    <subfield code="a">open-ended questions, automatic evaluation, language models, learning reinforcement  </subfield>
  </datafield>
  <datafield tag="655" ind1=" " ind2="4">
    <subfield code="a">Comunicación</subfield>
  </datafield>
  <datafield tag="700" ind1=" " ind2=" ">
    <subfield code="a">Concha,  David</subfield>
    <subfield code="u">Universidad Rey Juan Carlos, España</subfield>
  </datafield>
  <datafield tag="700" ind1=" " ind2=" ">
    <subfield code="a">García Rodríguez,  Miguel Ángel</subfield>
    <subfield code="u">Universidad Rey Juan Carlos, España</subfield>
  </datafield>
  <datafield tag="700" ind1=" " ind2=" ">
    <subfield code="a">Montalvo,  Soto</subfield>
    <subfield code="u">Universidad Rey Juan Carlos, España</subfield>
  </datafield>
  <datafield tag="773" ind1=" " ind2=" ">
    <subfield code="d">Zaragoza</subfield>
    <subfield code="g">Actas del VII Congreso Internacional sobre Aprendizaje, Innovación y Cooperación, CINAIC 2023 (18-20 de Octubre de 2023, Madrid, España)



</subfield>
  </datafield>
  <datafield tag="856" ind1="4" ind2=" ">
    <subfield code="s">888302</subfield>
    <subfield code="u">http://zaguan.unizar.es/record/132025/files/127.pdf</subfield>
  </datafield>
  <datafield tag="909" ind1="C" ind2="O">
    <subfield code="o">oai:zaguan.unizar.es:132025</subfield>
    <subfield code="p">comunicaciones-ponencias</subfield>
  </datafield>
  <datafield tag="970" ind1=" " ind2=" ">
    <subfield code="a">COMPON-2023-CINAIC-0127</subfield>
  </datafield>
  <datafield tag="980" ind1=" " ind2=" ">
    <subfield code="a">COMPON</subfield>
  </datafield>
</record>
</collection>